[Event "Bergen Grand Prix"]
[Site "Bergen"]
[Date "2017.11.18"]
[Round "3"]
[White "Jarve, Edvin"]
[Black "Mansoor, Afras"]
[Result "0-1"]
[WhiteElo "1704"]
[BlackElo "1934"]
[PlyCount "112"]
[EventDate "2017.11.17"]
[EventType "swiss"]
[EventRounds "5"]
[EventCountry "NOR"]
[SourceTitle "EXT 2024"]
[Source "ChessBase"]
[SourceDate "2023.10.10"]
[SourceVersion "1"]
[SourceVersionDate "2023.10.10"]
[SourceQuality "1"]

1. d4 Nf6 2. c4 g6 3. Nc3 Bg7 4. e4 d6 5. f3 0-0 6. Be3 Nbd7 7. Qd2 a6 8. Nge2 c5 9. d5 b5 10. cxb5 Qa5 11. Ng3 Ne8 12. Be2 Nc7 13. bxa6 Bxa6 14. f4 Nb5 15. Nxb5 Bxb5 16. Qxa5 Rxa5 17. Bd2 Bxe2 18. Bxa5 Ba6 19. Rb1 Rb8 20. b3 Ra8 21. Rd1 Bb5 22. Bd2 Rxa2 23. Ne2 h5 24. Kf2 Ba6 25. Rhe1 Nf6 26. Nc3 Ng4+ 27. Kg3 Rxd2 28. Rxd2 Bxc3 29. Rdd1 Bxe1+ 30. Rxe1 Nf6 31. Re3 Kg7 32. Kf3 Ng4 33. Re1 Nxh2+ 34. Kg3 Ng4 35. e5 Bb7 36. exd6 exd6 37. Rb1 Bxd5 38. b4 cxb4 39. Rxb4 Nf6 40. Rb5 Be4 41. Rb2 d5 42. Rd2 Ng4 43. Re2 f5 44. Kh4 d4 45. Kg5 d3 46. Ra2 Nh6 47. g3 Nf7+ 48. Kh4 Kf6 49. Kh3 Ke6 50. Kh2 Bf3 51. Kg1 Be2 52. Kf2 Nd6 53. Ra6 Kd5 54. Ke3 Nc4+ 55. Kf2 Kd4 56. Rxg6 Bg4 0-1

[Event "Oslo op"]
[Site "Fornebu"]
[Date "2017.10.04"]
[Round "7"]
[White "Jarve, Edvin"]
[Black "Smeby, Ole"]
[Result "0-1"]
[WhiteElo "1805"]
[BlackElo "1985"]
[PlyCount "94"]
[EventDate "2017.09.29"]
[EventType "swiss"]
[EventRounds "10"]
[EventCountry "NOR"]
[SourceTitle "CBM 181 Extra"]
[Source "ChessBase"]
[SourceDate "2017.12.12"]
[SourceVersion "1"]
[SourceVersionDate "2017.12.12"]
[SourceQuality "1"]

1. d4 Nf6 2. Bf4 d6 3. Nd2 Nbd7 4. Ngf3 c5 5. e3 g6 6. Be2 Bg7 7. h3 Nd5 8. Bh2 cxd4 9. exd4 0-0 10. 0-0 Qb6 11. Nc4 Qc7 12. c3 N7f6 13. Bd3 Bd7 14. Qd2 Bc6 15. Rfe1 Rfe8 16. Qc1 b5 17. Ncd2 Bh6 18. Qd1 Nf4 19. Bc2 Qb7 20. Bxf4 Bxf4 21. g3 Bh6 22. Qe2 Qc8 23. Kh2 Bd7 24. h4 Qb7 25. Ne4 Ng4+ 26. Kg1 Bg7 27. Bb3 h6 28. a4 bxa4 29. Bxa4 Bxa4 30. Rxa4 Nf6 31. Nxf6+ Bxf6 32. Rb4 Qd7 33. Qa6 Reb8 34. Rxb8+ Rxb8 35. b4 Rb6 36. Qd3 Qc7 37. Rc1 Rxb4 38. Qd2 Rc4 39. Kh2 Kg7 40. Qd3 a5 41. g4 d5+ 42. Kh1 Qf4 43. Rg1 g5 44. hxg5 hxg5 45. Nd2 Rc8 46. f3 Rh8+ 47. Kg2 Rh2+ 0-1

[Event "Oslo op"]
[Site "Fornebu"]
[Date "2017.10.03"]
[Round "6"]
[White "Lillevold, Frode"]
[Black "Jarve, Edvin"]
[Result "1-0"]
[WhiteElo "2128"]
[BlackElo "1805"]
[PlyCount "83"]
[EventDate "2017.09.29"]
[EventType "swiss"]
[EventRounds "10"]
[EventCountry "NOR"]
[SourceTitle "CBM 181 Extra"]
[Source "ChessBase"]
[SourceDate "2017.12.12"]
[SourceVersion "1"]
[SourceVersionDate "2017.12.12"]
[SourceQuality "1"]

1. d4 Nf6 2. c4 e6 3. Nc3 Bb4 4. e3 0-0 5. Nge2 c6 6. a3 Ba5 7. b4 Bc7 8. d5 cxd5 9. cxd5 Be5 10. f4 Bxc3+ 11. Nxc3 Re8 12. Be2 d6 13. 0-0 exd5 14. Nxd5 Be6 15. Nxf6+ Qxf6 16. Bd2 Nd7 17. Rc1 Rac8 18. Bf3 d5 19. Qe2 Nb6 20. Rfd1 Qb2 21. Qd3 Nc4 22. Bc3 Qb3 23. Bxd5 Bxd5 24. Qxd5 Qxa3 25. Qg5 f6 26. Bxf6 Qxe3+ 27. Kh1 Rc7 28. h3 Qe6 29. Bc3 Rce7 30. Re1 Qf7 31. Rxe7 Qxe7 32. Qxe7 Rxe7 33. Bxg7 Kxg7 34. Rxc4 Kf6 35. g4 Re3 36. Kg2 Re2+ 37. Kf3 Rh2 38. Ke4 Rxh3 39. Rc7 Rb3 40. Rxb7 a5 41. Rb6+ Kf7 42. bxa5 1-0

[Event "Helsingor Xtracon op"]
[Site "Helsingor"]
[Date "2016.07.24"]
[Round "3"]
[White "Jarve, Edvin"]
[Black "Hein, Jacob"]
[Result "1-0"]
[WhiteElo "1716"]
[BlackElo "1447"]
[PlyCount "49"]
[EventDate "2016.07.23"]
[EventType "swiss"]
[EventRounds "10"]
[EventCountry "DEN"]
[SourceTitle "CBM 173 Extra"]
[Source "ChessBase"]
[SourceDate "2016.08.29"]
[SourceVersion "1"]
[SourceVersionDate "2016.08.29"]
[SourceQuality "1"]

1. d4 d5 2. c4 Nf6 3. cxd5 Nxd5 4. Nf3 Nc6 5. e4 Nb6 6. d5 Na5 7. Bd2 Nac4 8. Bxc4 Bd7 9. Bd3 e6 10. Nc3 Bb4 11. dxe6 fxe6 12. 0-0 0-0 13. Qb3 a5 14. a3 Be7 15. Be3 Rxf3 16. gxf3 a4 17. Qd1 Bg5 18. f4 Bh6 19. Qg4 e5 20. f5 Bxe3 21. fxe3 Bxf5 22. Qxf5 Qxd3 23. Qf7+ Kh8 24. Qf8+ Rxf8 25. Rxf8# 1-0

[Event "Helsingor Xtracon op"]
[Site "Helsingor"]
[Date "2016.07.23"]
[Round "1"]
[White "Jarve, Edvin"]
[Black "Goldie, Thomas"]
[Result "0-1"]
[WhiteElo "1716"]
[BlackElo "2171"]
[PlyCount "52"]
[EventDate "2016.07.23"]
[EventType "swiss"]
[EventRounds "10"]
[EventCountry "DEN"]
[SourceTitle "CBM 173 Extra"]
[Source "ChessBase"]
[SourceDate "2016.08.29"]
[SourceVersion "1"]
[SourceVersionDate "2016.08.29"]
[SourceQuality "1"]

1. d4 Nf6 2. c4 g6 3. Nc3 Bg7 4. e4 d6 5. f3 0-0 6. Be3 Nc6 7. Nge2 a6 8. Qd2 Bd7 9. g4 b5 10. h4 h5 11. gxh5 Nxh5 12. Rg1 e5 13. Bg5 Qe8 14. cxb5 Nxd4 15. Nxd4 exd4 16. Nd5 Qe5 17. Nxc7 Rac8 18. b6 Kh7 19. Be2 f6 20. Bxa6 Rb8 21. Qb4 fxg5 22. Rxg5 Qf4 23. Ra5 Qxf3 24. Kd2 Bh6+ 25. Kc2 Qxe4+ 26. Kb3 Rf3+ 0-1

[Event "Politiken Cup 37th"]
[Site "Helsingor"]
[Date "2015.07.31"]
[Round "8"]
[White "Martinsson, Jonas"]
[Black "Jarve, Edvin"]
[Result "0-1"]
[WhiteElo "1845"]
[BlackElo "1637"]
[PlyCount "62"]
[EventDate "2015.07.25"]
[EventType "swiss"]
[EventRounds "10"]
[EventCountry "DEN"]
[SourceTitle "CBM 167 Extra"]
[Source "ChessBase"]
[SourceDate "2015.09.14"]
[SourceVersion "1"]
[SourceVersionDate "2015.09.14"]
[SourceQuality "1"]

1. e4 e6 2. d4 d5 3. Nc3 Bb4 4. exd5 exd5 5. Bd3 Nf6 6. a3 Bd6 7. Nb5 0-0 8. Nxd6 Qxd6 9. Ne2 Re8 10. 0-0 Bg4 11. f3 Bh5 12. Nf4 Bg6 13. Nxg6 hxg6 14. Re1 Nbd7 15. c3 Qb6 16. Kh1 Rxe1+ 17. Qxe1 Re8 18. Qf2 Nf8 19. Be3 Ne6 20. Re1 Qd6 21. Qh4 c6 22. Bc1 Qd7 23. f4 Nc7 24. Rf1 Qe7 25. Bd2 Ne4 26. Qe1 f5 27. Kg1 Kf7 28. g4 Kf6 29. Qh4+ Kf7 30. Qxe7+ Rxe7 31. g5 Nxd2 0-1

[Event "Politiken Cup 37th"]
[Site "Helsingor"]
[Date "2015.07.28"]
[Round "5"]
[White "Jarve, Edvin"]
[Black "Matras, Ove"]
[Result "0-1"]
[WhiteElo "1637"]
[BlackElo "1940"]
[PlyCount "70"]
[EventDate "2015.07.25"]
[EventType "swiss"]
[EventRounds "10"]
[EventCountry "DEN"]
[SourceTitle "CBM 167 Extra"]
[Source "ChessBase"]
[SourceDate "2015.09.14"]
[SourceVersion "1"]
[SourceVersionDate "2015.09.14"]
[SourceQuality "1"]

1. d4 Nf6 2. c4 c6 3. Nf3 d5 4. e3 Bg4 5. h3 Bh5 6. Bd3 e6 7. 0-0 Bd6 8. Nbd2 Nbd7 9. Qc2 Rc8 10. c5 Bb8 11. b4 Qc7 12. Bb2 g5 13. Ne5 Nxe5 14. dxe5 Bg6 15. f4 Nd7 16. Rae1 Bxd3 17. Qxd3 a5 18. a3 b6 19. cxb6 Qxb6 20. Bd4 c5 21. bxc5 Nxc5 22. Bxc5 Rxc5 23. Nb3 Rc4 24. Rc1 Rxc1 25. Rxc1 0-0 26. Qc3 Ba7 27. fxg5 Qxe3+ 28. Kh1 a4 29. Na5 Qxc3 30. Rxc3 Bd4 31. Rc2 Bxe5 32. Nc6 Bd6 33. Kg1 Kg7 34. Nd4 Rb8 35. Kf2 Bxa3 0-1